Materialismo e empiriocriticismo (Registo nº 199193)

Detalhes MARC
000 -Etiqueta do registo
Valores 00507nam 22001693 4500
100 ## - Dados gerais de processamento
Dados gerais 20251120d u||y0pory50 ba
200 ## - Titulo e menção de responsabilidade
Título próprio Materialismo e empiriocriticismo
Informação de outro título notas críticas sobre uma filosofia reaccionária
Primeira menção de responsabilidade V.I. Lénine
210 ## - Publicação
Local de publicação Lisboa
Nome do editor Edições Avante
Data de publicação 1982
215 ## - Descrição física 
Paginação / Volumes 339 p.
Outras indicações físicas brochado
Dimensões 22 cm
606 ## - Nome comum usado como assunto
ID Autoridade 1246
Palavra de ordem Política
675 ## - CDU
Notação 32
Edição PT
Língua por
700 ## - Autor principal (pessoa individual)
ID Autoridade 15089
Apelido Lénine
Nome V.I.
801 ## - Fonte de origem
País PT
Agência BMMN
Regras de catalogação RPC
830 ## - Notas gerais do catalogador
Criado por Fernando
Indexado por Fernando
990 ## - Elementos KOHA
Tipo de documento Livro
Exemplares
Situação do levantamento Biblioteca de origem Código de barras Cota Permissão de empréstimo Tipo de documento Forma de aquisição
  Biblioteca Municipal de Montemor-o-Novo 27967 321.7 LEN|DEP   Livro Compra

Powered by Koha